| 000 | 00845nas a2200301 4500 | ||
|---|---|---|---|
| 001 | BR2017000448 | ||
| 003 | BR-BrBNA | ||
| 005 | 20231205130841.0 | ||
| 007 | ta | ||
| 008 | 230509b bl.|||p| |||| 00| 00por d | ||
| 040 |
_aBR-BrBNA _bpor _cBiblioteca Nacional de Agricultura |
||
| 041 | _a(Pt) | ||
| 072 | _aH10 | ||
| 100 | 1 | _aMendonça, M.C. de | |
| 100 | 1 | _aAbrantes, E.A. | |
| 100 | 1 | _aFernandes, L.H. | |
| 245 | 1 | _aNovas espécies de Arlea do sudeste do Brasil (Collembola, Isotomidae) | |
| 650 | _aESPÉCIE | ||
| 650 | _aINSETO | ||
| 650 | _aAREIA | ||
| 650 | _aRESTINGA | ||
| 650 | _aLITORAL | ||
| 650 | _aFAUNA | ||
| 650 | _aTAXONOMIA | ||
| 773 | 0 |
_tIheringia. Série Zoologia (Brazil) _xISSN 0073-4721 _g(Mar 2006), v. 96(1) p. 57-60 _wBR2017000448 |
|
| 909 |
_a202311 _bLúcia _c55 _dLúcia Elande |
||
| 942 |
_2AGRIS _n0 _cANA |
||
| 999 |
_c251642 _d251642 |
||